Problemas de economía de la empresa / (Record no. 178473)

MARC details
000 -LEADER
campo de control de longitud fija 00892nam a22002415i 4500
001 - NÚMERO DE CONTROL
campo de control 178473
003 - IDENTIFICADOR DE NÚMERO DE CONTROL
campo de control ES-MaACL
005 - FECHA Y HORA DE LA ÚLTIMA TRANSACCIÓN
campo de control 20250902054935.0
008 - DATOS DE LONGITUD FIJA--INFORMACIÓN GENERAL
campo de control de longitud fija 110602s1967 sp |||| | spa d
080 ## - NÚMERO DE LA CLASIFICACIÓN DECIMAL UNIVERSAL
Número de la Clasificación Decimal Universal 658.1:33
080 ## - NÚMERO DE LA CLASIFICACIÓN DECIMAL UNIVERSAL
Número de la Clasificación Decimal Universal 33:658.1
100 1# - ENTRADA PRINCIPAL--NOMBRE DE PERSONA
Nombre de persona Lévi-Lambert, H.
9 (RLIN) 146860
245 10 - MENCIÓN DEL TÍTULO
Título Problemas de economía de la empresa /
Mención de responsabilidad, etc. por H. Lévi-Lambert ; traducción de Andrés-Santiago Suárez y Suárez, Armando Suárez Franck.
260 ## - PUBLICACIÓN, DISTRIBUCIÓN, ETC.
Lugar de publicación, distribución, etc. Madrid :
Nombre del editor, distribuidor, etc. Ice,
Fecha de publicación, distribución, etc. imp. 1967.
300 ## - DESCRIPCIÓN FÍSICA
Extensión 206 p. ;
Dimensiones 24 cm.
490 1# - MENCIÓN DE SERIE
Mención de serie Selecciones de economía de la empresa ;
Designación de volumen o secuencia 1
650 07 - PUNTO DE ACCESO ADICIONAL DE MATERIA--TÉRMINO DE MATERIA
Término de materia o nombre geográfico como elemento de entrada Economía de la empresa
Fuente del encabezamiento o término embne
9 (RLIN) 12022
700 1# - ENTRADA AGREGADA--NOMBRE PERSONAL
Nombre de persona Suárez Suárez, Andrés-Santiago.
9 (RLIN) 108662
700 0# - ENTRADA AGREGADA--NOMBRE PERSONAL
Nombre de persona Suárez Franck, Armando.
9 (RLIN) 108620
830 00 - PUNTO DE ACCESO ADICIONAL DE SERIE-TÍTULO UNIFORME
Título uniforme Selecciones de economía de la empresa (ICE)
Designación de volumen o secuencia 1
9 (RLIN) 190989
852 ## - LOCALIZACIÓN
Ubicación ES-MaACL
Número de control de estantería E-15222
Encuadernación Olim P-1278
Holdings
Estatus retirado Estado de pérdida Estado de daño No para préstamo Biblioteca de origen Biblioteca actual Ubicación en estantería Fecha de adquisición Fuente de adquisición Total de préstamos Signatura topográfica completa Código de barras Visto por última vez Precio de reemplazo Tipo de ítem Koha
        Biblioteca del Ateneo de Madrid Biblioteca del Ateneo de Madrid Depósito 2 02/06/2011     E-15222 1187475 23/02/2023 23/02/2023 Libro impreso